Výrobní kooperace se zahraničím teorie a praxe provádění

Gespeichert in:
Bibliographische Detailangaben
1. Verfasser: Kachlík, Alfons
Format: Buch
Sprache:Tschechisch
Veröffentlicht: Praha Československá obchodní a průmyslová komora 1984
Tags: Tag hinzufügen
Keine Tags, Fügen Sie das erste Tag hinzu!

MARC

LEADER 00000nam a2200000 4500
001 c105884
005 20041019155135.7
041 0 |a cze 
044 |a CZ 
245 1 0 |a Výrobní kooperace se zahraničím  |b teorie a praxe provádění  |c Alfonz Kachlík a kol. 
264 1 |a Praha  |b Československá obchodní a průmyslová komora  |c 1984 
300 |a 114 s. 
100 1 |a Kachlík, Alfons